Missing Word: Road Signs Quiz Stats

Quiz Updated Sep 20, 2016

Challenge
Share
Tweet
Embed
Score 0/20 Timer 02:00
0 Plays Today
Road Sign Answer % Correct
Authorized Vehicles ____Only
95.1%
Bike ____Lane
91.7%
Wrong ____Way
90.9%
No ____ On RedTurn
90.7%
Reduced ____ 30Speed
90%
Railroad ____Crossing
88.9%
Slower ____ Keep RightTraffic
84.8%
____ EndDead
83.4%
Do Not ____Enter
79.5%
____ ShoulderNo
78.5%
Road Sign Answer % Correct
No ____ ZonePassing
75%
Lane ____ Merge LeftEnds
72.5%
Park & ____Ride
71.2%
Weigh ____Station
69.3%
Right Lane ____ Turn RightMust
66.7%
____ GravelLoose
65%
____ DrivewayHidden
60.3%
Bridge ____ Before RoadFreezes
45.2%
____ the RoadShare
44.8%
Left Turn ____ On GreenYield
29%

Today's Daily Dose

You're not logged in!

Compare scores with friends on all Sporcle quizzes.
Sign Up with Email
OR
Log In

You Might Also Like...

Show Comments

Extras

Top Quizzes Today


Score Distribution

Your Account Isn't Verified!

In order to create a playlist on Sporcle, you need to verify the email address you used during registration. Go to your Sporcle Settings to finish the process.